Statistiques concernant Présidents membres du G7 depuis 2003

Cliquez ici pour prendre le quiz!

Statistiques générales

  • Ce quiz a été pris 53 fois
  • Le résultat moyen est 19 sur 40

Statistiques - réponses

PaysAnnéePrésident% Correct
Allemagne2005–2021Angela Merkel
100%
France2017–Emmanuel Macron
100%
France2012–2017François Hollande
100%
France1995–2007Jacques Chirac
100%
France2007–2012Nicolas Sarkozy
100%
Etats-Unis2009–2017Barack Obama
98%
Etats-Unis2017–2021Donald Trump
98%
Royaume-Uni2021–Joe Biden
96%
Etats-Unis2001–2009George W. Bush
94%
Canada2015–Justin Trudeau
94%
Royaume-Uni2019–2022Boris Johnson
82%
Italie2022–Giorgia Meloni
78%
Allemagne2021–Olaf Scholz
71%
Royaume-Uni2016–2019Theresa May
69%
Royaume-Uni2022Liz Truss
63%
Royaume-Uni2010–2016David Cameron
61%
Japon2006–2007, 2012–2020Shinzō Abe
59%
Royaume-Uni2022–Rishi Sunak
57%
Italie2001–2006, 2008–2011Silvio Berlusconi
55%
Royaume-Uni1997–2007Tony Blair
55%
Allemagne1998–2005Gerhard Schröder
33%
Royaume-Uni2007–2010Gordon Brown
31%
Italie2021–2022Mario Draghi
29%
Italie2014–2016Matteo Renzi
20%
Italie2018–2021Giuseppe Conte
18%
Japon
2021–
Fumio Kishida
14%
Italie2011–2013Mario Monti
12%
Italie2006–2008Romano Prodi
12%
Italie2013–2014Enrico Letta
10%
Italie2016–2018Paolo Gentiloni
8%
Canada2006–2015Stephen Harper
6%
Canada1993–2003Jean Chrétien
4%
Japon2001–2006Junichirō Koizumi
4%
Japon2010–2011Naoto Kan
4%
Japon2020–2021Yoshihide Suga
4%
Canada2003–2006Paul Martin
2%
Japon2008–2009Tarō Asō
2%
Japon2007–2008Yasuo Fukuda
2%
Japon2011–2012Yoshihiko Noda
2%
Japon2009–2010Yukio Hatoyama
2%

Distribution des résultats

Percentile par nombre de réponses

% des personnes avec chaque résultat

Votre développement - résultats

Vous n’avez pas pris ce quiz